[Event "NOR-chT Elite 2324"]
[Site "Norway"]
[Date "2024.02.04"]
[Round "6.16"]
[White "Torfoss, Sivert Schanche"]
[Black "Melaa, Sondre Lillestol"]
[Result "0-1"]
[WhiteElo "1962"]
[BlackElo "2270"]
[PlyCount "56"]
[EventDate "2023.10.27"]
[EventType "team-tourn"]
[EventRounds "9"]
[EventCountry "NOR"]
[SourceTitle "CB16_2024"]
[SourceDate "2024.04.17"]
[SourceVersion "1"]
[SourceVersionDate "2024.04.17"]
[SourceQuality "1"]
[WhiteTeam "Tromsoe"]
[BlackTeam "OSS"]
[WhiteTeamCountry "NOR"]
[BlackTeamCountry "NOR"]

1. Nf3 d5 2. e3 Nf6 3. c4 c6 4. Nc3 e6 5. b3 Bd6 6. Bb2 0-0 7. Qc2 e5 8. cxd5 cxd5 9. Nb5 Nc6 10. Nxd6 Qxd6 11. d4 Ne4 12. a3 exd4 13. Nxd4 Nxd4 14. Bxd4 Bf5 15. Bd3 Qg6 16. 0-0 Rac8 17. Qb2 Nd6 18. Bxf5 Nxf5 19. Ra2 Rc6 20. Qe2 Nh4 21. f3 a6 22. Rd2 Rfc8 23. e4 Rc1 24. exd5 Qg5 25. Rfd1 Nxf3+ 26. Kf2 Nxd2 27. Qxd2 R1c2 28. Rc1 Qxd2+ 0-1

[Event "NOR-chT Club"]
[Site "Bergen"]
[Date "2023.05.20"]
[Round "4.6"]
[White "Melaa, Sondre Lillestol"]
[Black "Kvaloy, Aksel Bu"]
[Result "0-1"]
[WhiteElo "2231"]
[BlackElo "2321"]
[PlyCount "114"]
[EventDate "2023.05.18"]
[EventType "team-swiss"]
[EventRounds "6"]
[EventCountry "NOR"]
[SourceTitle "CBM 214 Extra"]
[Source "ChessBase"]
[SourceDate "2023.07.31"]
[SourceVersion "1"]
[SourceVersionDate "2023.07.31"]
[SourceQuality "1"]
[WhiteTeam "Oslo Schakselskap II"]
[BlackTeam "Stavanger"]
[WhiteTeamCountry "NOR"]
[BlackTeamCountry "NOR"]

1. d4 Nf6 2. Bf4 e6 3. e3 d5 4. Nf3 Bd6 5. Ne5 0-0 6. Nd2 c5 7. c3 Qc7 8. Bd3 Nbd7 9. Ndf3 Ne4 10. 0-0 Ndf6 11. Rc1 c4 12. Bb1 b5 13. Nd2 Nxd2 14. Qxd2 Ne4 15. Qc2 f6 16. f3 fxe5 17. dxe5 Bc5 18. fxe4 Rxf4 19. Rxf4 Bxe3+ 20. Rf2 d4 21. cxd4 Bxd4 22. Rd1 Bxe5 23. Kh1 Bb7 24. Qd2 Bc6 25. Qe3 Rd8 26. Rdf1 Qe7 27. Qh3 h6 28. Qh5 Qc5 29. h3 Kh7 30. Qg4 b4 31. Bc2 Qe7 32. h4 Be8 33. g3 h5 34. Qf3 Bg6 35. b3 c3 36. Rd1 Rxd1+ 37. Bxd1 Qd6 38. g4 Qd4 39. Bc2 hxg4 40. Qe2 g3 41. Rf1 Qd8 42. Kg2 Be8 43. Rd1 Qf6 44. Rf1 Qh6 45. Bd1 Kg8 46. h5 Qg5 47. Qf3 Qd2+ 48. Be2 Bb5 49. Qf7+ Kh8 50. Re1 Qxe1 51. Bxb5 Qxe4+ 52. Kh3 Qh1+ 53. Kg4 Qe4+ 54. Kh3 c2 55. Qf8+ Kh7 56. Qc8 Qh1+ 57. Kg4 Qd1+ 0-1

[Event "NOR-ch Rapid"]
[Site "Drammen"]
[Date "2023.01.07"]
[Round "5"]
[White "Christiansen, Johan Sebastian"]
[Black "Melaa, Sondre Lillestol"]
[Result "1-0"]
[WhiteElo "2574"]
[BlackElo "2245"]
[PlyCount "47"]
[EventDate "2023.01.07"]
[EventType "swiss (rapid)"]
[EventRounds "10"]
[EventCountry "NOR"]
[SourceTitle "CBM 212 Extra"]
[Source "ChessBase"]
[SourceDate "2023.03.31"]
[SourceVersion "1"]
[SourceVersionDate "2023.03.31"]
[SourceQuality "1"]

1. e4 e5 2. Nf3 Nc6 3. d4 exd4 4. Bc4 Nf6 5. e5 d5 6. Bb5 Ne4 7. Nxd4 Bc5 8. Be3 0-0 9. Nxc6 bxc6 10. Bxc5 Nxc5 11. Bxc6 Rb8 12. Qxd5 Qe7 13. 0-0 Rxb2 14. Qd4 Rxc2 15. Nc3 Ba6 16. Rfd1 Ne6 17. Nd5 Qg5 18. Qa4 Rxc6 19. Qxc6 Be2 20. Rdb1 Nd4 21. Qc5 Nf3+ 22. Kh1 Re8 23. Qe7 Qxe7 24. Nxe7+ 1-0

[Event "NOR-ch Blitz"]
[Site "Drammen"]
[Date "2023.01.06"]
[Round "9"]
[White "Haldorsen, Benjamin"]
[Black "Melaa, Sondre Lillestol"]
[Result "1-0"]
[WhiteElo "2449"]
[BlackElo "2245"]
[PlyCount "101"]
[EventDate "2023.01.06"]
[EventType "swiss (blitz)"]
[EventRounds "9"]
[EventCountry "NOR"]
[SourceTitle "CBM 212 Extra"]
[Source "ChessBase"]
[SourceDate "2023.03.31"]
[SourceVersion "1"]
[SourceVersionDate "2023.03.31"]
[SourceQuality "1"]

1. b3 e5 2. Bb2 Nc6 3. e3 d5 4. Bb5 f6 5. d4 exd4 6. Qxd4 Be6 7. Qa4 Nge7 8. Nf3 a6 9. Be2 Nc8 10. Qh4 Bb4+ 11. Nbd2 Nd6 12. g4 Ne4 13. 0-0-0 Nc3 14. Rde1 Nxa2+ 15. Kb1 Nc3+ 16. Ka1 Qe7 17. g5 fxg5 18. Qxg5 Nxe2 19. Rxe2 Qxg5 20. Nxg5 Bf5 21. e4 dxe4 22. Ndxe4 0-0-0 23. Bxg7 Rhe8 24. f3 Nd4 25. Bxd4 Rxd4 26. c3 Bxc3+ 27. Nxc3 Rxe2 28. Nxe2 Rd2 29. Ng3 Bc2 30. Kb2 Rf2 31. Kc3 h6 32. Nf7 Bh7 33. Ne5 c5 34. Rd1 b5 35. b4 Rc2+ 36. Kb3 c4+ 37. Ka3 Rc3+ 38. Kb2 Rb3+ 39. Ka2 Rxb4 40. Rd6 a5 41. Rxh6 Bb1+ 42. Ka1 a4 43. Nc6 Rb3 44. Nd4 Rb4 45. Nge2 Bd3 46. Nc3 a3 47. Ndxb5 Rb3 48. Ra6 Kb7 49. Rxa3 Rb4 50. Ra7+ Kb6 51. Nd5+ 1-0

[Event "NOR-ch Blitz"]
[Site "Drammen"]
[Date "2023.01.06"]
[Round "6"]
[White "Melaa, Sondre Lillestol"]
[Black "Kvaloy, Aksel Bu"]
[Result "1-0"]
[WhiteElo "2245"]
[BlackElo "2233"]
[PlyCount "71"]
[EventDate "2023.01.06"]
[EventType "swiss (blitz)"]
[EventRounds "9"]
[EventCountry "NOR"]
[SourceTitle "CBM 212 Extra"]
[Source "ChessBase"]
[SourceDate "2023.03.31"]
[SourceVersion "1"]
[SourceVersionDate "2023.03.31"]
[SourceQuality "1"]

1. d4 g6 2. e4 Bg7 3. Nf3 d6 4. Be2 Nf6 5. Nc3 0-0 6. 0-0 a6 7. a4 Nc6 8. d5 Nb8 9. Be3 c6 10. a5 cxd5 11. exd5 Bg4 12. Bd4 Nbd7 13. h3 Bxf3 14. Bxf3 Rc8 15. Na4 Qc7 16. c3 e6 17. dxe6 fxe6 18. Nb6 Nxb6 19. axb6 Qe7 20. Re1 e5 21. Be3 Qf7 22. Bg5 e4 23. Be2 Nd7 24. Be3 Kh8 25. Qxd6 Rc6 26. Qb4 Qf6 27. Rad1 Nxb6 28. Qxe4 Re6 29. Qf3 Qe7 30. Qg4 Rc6 31. Bf3 Rd6 32. Bxb6 Rxd1 33. Rxd1 Qf6 34. Bd4 Qe7 35. Bxg7+ Kxg7 36. Rd7 1-0

[Event "Uppsala Young Champions 9th"]
[Site "Uppsala"]
[Date "2022.10.29"]
[Round "3"]
[White "Melaa, Sondre Lillestol"]
[Black "Pajeken, Jakob Leon"]
[Result "1-0"]
[WhiteElo "2223"]
[BlackElo "2461"]
[PlyCount "131"]
[EventDate "2022.10.28"]
[EventType "swiss"]
[EventRounds "9"]
[EventCountry "SWE"]
[SourceTitle "EXT 2024"]
[Source "ChessBase"]
[SourceDate "2023.10.10"]
[SourceVersion "1"]
[SourceVersionDate "2023.10.10"]
[SourceQuality "1"]

1. d4 Nf6 2. Nf3 e6 3. Bf4 Be7 4. h3 0-0 5. e3 c5 6. c3 b6 7. Bd3 Ba6 8. 0-0 Bxd3 9. Qxd3 Nc6 10. c4 cxd4 11. Nxd4 Rc8 12. Nc3 Na5 13. b3 d5 14. cxd5 Nxd5 15. Nxd5 Qxd5 16. e4 Qb7 17. Rfd1 Rfd8 18. Qe2 Rd7 19. Rd3 Bc5 20. Rad1 Rxd4 21. Rxd4 Bxd4 22. Rxd4 Nc6 23. Rd6 e5 24. Be3 Rd8 25. Qd3 Qe7 26. Rxd8+ Qxd8 27. Qxd8+ Nxd8 28. Kf1 Kf8 29. Ke2 Ke7 30. b4 Kd6 31. a4 Ne6 32. Kd3 g6 33. g4 Nf8 34. Kc4 Kc6 35. b5+ Kd6 36. a5 Nd7 37. a6 f6 38. g5 fxg5 39. Bxg5 Ke6 40. Be3 Kd6 41. f4 exf4 42. Bxf4+ Ke6 43. Kd4 Nc5 44. Bc7 Kd7 45. Bb8 g5 46. Kd5 Nd3 47. e5 Nf4+ 48. Ke4 h5 49. Bxa7 Kc7 50. Kf5 h4 51. Kxg5 Nxh3+ 52. Kxh4 Nf4 53. Kg5 Ne6+ 54. Kf6 Nd4 55. e6 Nxb5 56. e7 Nd6 57. Ke6 Ne8 58. Kd5 Nf6+ 59. Ke5 Ne8 60. Ke6 b5 61. Bc5 b4 62. Bxb4 Kc6 63. Kf7 Nc7 64. a7 Kb7 65. Bd6 Nb5 66. Be5 1-0

[Event "Fagernes Autumn op"]
[Site "Fagernes"]
[Date "2022.10.16"]
[Round "9"]
[White "Thavandiran, Shiyam"]
[Black "Melaa, Sondre Lillestol"]
[Result "1-0"]
[WhiteElo "2353"]
[BlackElo "2223"]
[PlyCount "67"]
[EventDate "2022.10.09"]
[EventType "swiss"]
[EventRounds "9"]
[EventCountry "NOR"]
[SourceTitle "CBM 210 Extra"]
[Source "ChessBase"]
[SourceDate "2022.11.30"]
[SourceVersion "1"]
[SourceVersionDate "2022.11.30"]
[SourceQuality "1"]

1. e4 e5 2. Nf3 Nc6 3. Nc3 Nf6 4. Bb5 Nd4 5. 0-0 Nxb5 6. Nxb5 c6 7. Nc3 d6 8. d4 Bg4 9. dxe5 Bxf3 10. Qxf3 dxe5 11. Bg5 Be7 12. Rfd1 Qc7 13. Ne2 0-0 14. Ng3 h6 15. Be3 Rfd8 16. Nf5 Rxd1+ 17. Rxd1 Rd8 18. Rxd8+ Qxd8 19. h3 Kh7 20. Bxa7 Bf8 21. Be3 g6 22. Ng3 Be7 23. Qe2 h5 24. Qd3 Qc7 25. Nf1 Kg7 26. Nd2 Qa5 27. a3 Qa4 28. Nc4 Qb5 29. b3 Kf8 30. a4 Qb4 31. Bd2 Qc5 32. Be3 Qb4 33. Bd2 Qc5 34. Bc3 1-0

[Event "Malopolska-ch"]
[Site "Krakow"]
[Date "2022.06.18"]
[Round "5"]
[White "Kyc, Jerzy"]
[Black "Melaa, Sondre Lillestol"]
[Result "0-1"]
[WhiteElo "2213"]
[BlackElo "2178"]
[PlyCount "82"]
[EventDate "2022.06.16"]
[EventType "swiss"]
[EventRounds "7"]
[EventCountry "POL"]
[SourceTitle "CBM 208 Extra"]
[Source "ChessBase"]
[SourceDate "2022.07.31"]
[SourceVersion "1"]
[SourceVersionDate "2022.07.31"]
[SourceQuality "1"]

1. e4 c5 2. Nf3 g6 3. d4 cxd4 4. Nxd4 Nc6 5. Nc3 Bg7 6. Be3 Nf6 7. Nxc6 bxc6 8. e5 Ng8 9. Bd4 f6 10. Qe2 Qa5 11. exf6 Nxf6 12. 0-0-0 d5 13. f3 Rb8 14. g4 Qb4 15. b3 0-0 16. Kb2 Rb7 17. Be5 e6 18. h4 c5 19. h5 d4 20. Nb5 a6 21. Nd6 Nd5 22. Bxg7 Nc3 23. Rxd4 cxd4 24. Qe5 Rxg7 25. Nxc8 Nd1+ 26. Kc1 Qc3 27. Qxe6+ Kh8 28. h6 Rgf7 29. Qe5+ Rf6 30. Nd6 Ne3 31. Bd3 Qa1+ 32. Kd2 Qxh1 33. Be2 Qb1 34. Qxd4 Nf1+ 35. Kd3 Qe1 36. Ne4 Ng3 37. Nxg3 Qxg3 38. Kc3 Qd6 39. a4 Rc8+ 40. Bc4 Qxd4+ 41. Kxd4 a5 0-1

[Event "Malopolska-ch"]
[Site "Krakow"]
[Date "2022.06.16"]
[Round "1"]
[White "Dziewonski, Dariusz"]
[Black "Melaa, Sondre Lillestol"]
[Result "0-1"]
[WhiteElo "2015"]
[BlackElo "2178"]
[PlyCount "86"]
[EventDate "2022.06.16"]
[EventType "swiss"]
[EventRounds "7"]
[EventCountry "POL"]
[SourceTitle "CBM 208 Extra"]
[Source "ChessBase"]
[SourceDate "2022.07.31"]
[SourceVersion "1"]
[SourceVersionDate "2022.07.31"]
[SourceQuality "1"]

1. e4 e5 2. Nf3 Nc6 3. Bb5 a6 4. Ba4 Nf6 5. 0-0 Nxe4 6. d4 Be7 7. Re1 b5 8. Bb3 d5 9. dxe5 Be6 10. c3 0-0 11. Nbd2 Nc5 12. Bc2 d4 13. cxd4 Nxd4 14. Nxd4 Qxd4 15. Nb3 Qxd1 16. Rxd1 Nxb3 17. Bxb3 Bxb3 18. axb3 Rfd8 19. Be3 Rxd1+ 20. Rxd1 Rd8 21. Rxd8+ Bxd8 22. Bc5 Bg5 23. Bd4 Bc1 24. Kf1 Kf8 25. Ke2 Ke7 26. Kd3 Ke6 27. b4 Kd5 28. g3 g5 29. f3 h5 30. Bc3 h4 31. gxh4 gxh4 32. h3 Bf4 33. Be1 Bg3 34. Bxg3 hxg3 35. Ke3 Kxe5 36. f4+ Kf5 37. Kf3 g2 38. Kxg2 Kxf4 39. Kf2 f6 40. Kg2 Ke3 41. Kg3 f5 42. Kg2 f4 43. Kf1 Kf3 0-1

[Event "Norway Chess op-A"]
[Site "Stavanger"]
[Date "2022.06.07"]
[Round "6"]
[White "Melaa, Sondre Lillestol"]
[Black "Ostensen, Nicolai Maxime"]
[Result "1-0"]
[WhiteElo "2178"]
[BlackElo "2113"]
[PlyCount "69"]
[EventDate "2022.06.03"]
[EventType "swiss"]
[EventRounds "9"]
[EventCountry "NOR"]
[SourceTitle "CBM 208 Extra"]
[Source "ChessBase"]
[SourceDate "2022.07.31"]
[SourceVersion "1"]
[SourceVersionDate "2022.07.31"]
[SourceQuality "1"]

1. d4 d5 2. c4 c6 3. Nf3 Nf6 4. Nc3 g6 5. e3 Bg7 6. Be2 0-0 7. 0-0 Bf5 8. cxd5 cxd5 9. Qb3 b6 10. Bd2 Nc6 11. Rfc1 Na5 12. Qa4 a6 13. Nd1 Nb7 14. Ne5 Ne4 15. Nc6 Qd7 16. Bb4 b5 17. Qb3 Rfe8 18. a4 Ned6 19. axb5 axb5 20. Rxa8 Rxa8 21. Bxd6 Qxd6 22. Qxb5 Nd8 23. Qxd5 Nxc6 24. Qxd6 exd6 25. Rxc6 Ra1 26. f3 Bd7 27. Ra6 Rb1 28. Kf2 d5 29. Ke1 Bf8 30. Kd2 Bb4+ 31. Kc2 Bf5+ 32. Kb3 Bd2 33. g4 Bc8 34. Ra8 Rc1 35. Nc3 1-0

[Event "NOR-chT Clubs"]
[Site "Drammen"]
[Date "2022.05.26"]
[Round "6"]
[White "Melaa, Sondre Lillestol"]
[Black "Elmi, Saad Abobaker"]
[Result "1-0"]
[WhiteElo "2157"]
[BlackElo "2155"]
[PlyCount "139"]
[EventDate "2022.05.26"]
[EventType "team-swiss"]
[EventRounds "6"]
[EventCountry "NOR"]
[SourceTitle "EXT 2024"]
[Source "ChessBase"]
[SourceDate "2023.10.10"]
[SourceVersion "1"]
[SourceVersionDate "2023.10.10"]
[SourceQuality "1"]
[WhiteTeam "Oslo SS II"]
[BlackTeam "Baerum"]
[WhiteTeamCountry "NOR"]
[BlackTeamCountry "NOR"]

1. d4 Nf6 2. c4 e6 3. Nf3 d5 4. Nc3 Bb4 5. Qa4+ Nc6 6. e3 0-0 7. Bd2 Re8 8. Bd3 dxc4 9. Bxc4 Bd7 10. Qc2 Bd6 11. a3 h6 12. 0-0 e5 13. d5 Ne7 14. e4 a6 15. b4 Ng6 16. h3 Nh5 17. Kh2 Qf6 18. Ng1 Nf8 19. g3 Nh7 20. Be2 Qg6 21. Nf3 Qf6 22. Nh4 Nf4 23. Bg4 Bxg4 24. hxg4 Ng6 25. Nf5 Ne7 26. Kg2 Qg6 27. f3 Nxf5 28. gxf5 Qf6 29. Rh1 Bf8 30. Nd1 Qd6 31. Ne3 c6 32. Nc4 Qf6 33. Nb6 Rad8 34. Be3 Ng5 35. Rac1 Rd6 36. Nc4 cxd5 37. Nxd6 Bxd6 38. Bxg5 Qxg5 39. Rhd1 d4 40. Qd2 Qd8 41. Qa2 Be7 42. Qc4 Bg5 43. Rc2 Be3 44. Qc7 Qg5 45. Qd7 Rd8 46. Rc8 Rxc8 47. Qxc8+ Kh7 48. Qc2 Bf4 49. Qf2 Bc1 50. Qe1 Be3 51. Rd3 Bf4 52. a4 h5 53. Kh3 Be3 54. Qe2 Kg8 55. Qc2 h4 56. gxh4 Qg1 57. Rd1 Qf2 58. Qxf2 Bxf2 59. Kg4 Be3 60. Kg3 f6 61. Kg2 Kf7 62. Kf1 g6 63. fxg6+ Kxg6 64. Ke2 Kh5 65. Rh1 Bf4 66. b5 axb5 67. axb5 Be3 68. Ra1 b6 69. Ra6 Bg1 70. Kd3 1-0